000 00463nam a2200157 i 4500
001 bg
100 1 _aSTRZAŁKOWSKI, Adam
245 0 _aWstęp do fizyki jądra atomowego /
_cAdam Strzałkowski.
250 _aWyd.3 zmien.
260 _aWarszawa,
_c1978.
040 _cBPK
041 _apol
942 _cKS
008 s pl f |000 0 pol
856 _uhttp://koha.tu.koszalin.pl/cgi-bin/koha/opac-detail.pl?biblionumber=17657
_yKatalog online BPK
999 _c17657
_d17657